Dictionary of personal and industrial relations (Record no. 22983)

MARC details
000 -LEADER
fixed length control field 00308nam a2200109Ia 4500
082 ## - DEWEY DECIMAL CLASSIFICATION NUMBER
Classification number 301(035)
Item number BEC
100 ## - MAIN ENTRY--AUTHOR NAME
Personal name Becker, Esther R
245 #0 - TITLE STATEMENT
Title Dictionary of personal and industrial relations
260 ## - PUBLICATION, DISTRIBUTION, ETC. (IMPRINT)
Place of publication New York
Name of publisher Philosophical library
Year of publication 1958
942 ## - ADDED ENTRY ELEMENTS (KOHA)
Koha item type Books
Holdings
Withdrawn status Lost status Damaged status Not for loan Home library Current library Date acquired Cost, normal purchase price Full call number Accession Number Koha item type
        RRII Library RRII Library 16/12/2021 85.00 301(035) BEC 03692 Books